000 00375nam a22001337a 4500
020 _a9787513817424
082 _a915.1035 SIN
100 _aSinolingua
245 _aChina Close-up: Chinese solutions for shared success
_cSinolingua
260 _aBeijing
_bSinolingua
_c2019
300 _a165p
_eCD
942 _2ddc
_cBK
999 _c587854
_d587854